00568nam a22002057a 450000500170000001000150001702000260003202000230005803500130008103700130009408200080010710000230011524500840013826000290022227000410025130000240029250000400031670000030035670000030035920100819113936.0 aENG-101031 c150.00a9788189293888 c150.00a8189293029 aEN-84564 bDBAD/PUB a480 aGangopadhyay, Avik aEssentials of english philology, phonetics, linguistics /cby Avik Gangopadhyay aKolkatabBooks Wayc2009 a86A College Street bKolkatae700073 a214 p. b22cm (Pbk) aIncludes bibliographical references